Responses for Show #1183 - Wednesday, October 25, 1989

Steve Berman game 2.

Contestants

[<< previous game]

Lee Raskin, a high school teacher from San Diego, California

Erin Sheffield, a yoga instructor from Ventura County, California

Steve Berman, a film executive from Santa Monica, California (whose 1-day cash winnings total $12,201)

[next game >>]

Jeopardy! Round responses

QUOTES
FAMOUS COUPLES
TRANSPORTATION
BOXING MOVIES
MEDICINE
LEFTOVERS
    $100 6
Orson Welles

Steve
    $100 20
Dolly Parton

Steve
    $100 8
policemen

Steve
    $100 1
(Lee: Who is Andy Rooney?)
(Steve: Who is John Wayne?)

Mickey Rooney

SteveLee
Triple Stumper
    $100 15
hypertension

Erin
    $100 25
(Alex: Or James Bond. Right. We've got less than a minute left in the round..)

007

Erin
    $200 7
Napoleon Bonaparte

Lee
    $200 21
Woody Allen & Mia Farrow

Lee
    $200 9
tailgate

Erin
    $200 2
Kirk Douglas

Steve
    $200 16
calcium

Lee
    $200 29
moths

Erin
    $300 12
Marie Curie

Lee
    $300 22
John McEnroe

Steve
    $300 10
a milk run

Lee
    $500 3
"Body And Soul"

Steve
    $300 17
cataracts

Lee
    $300 28
Aloha

Erin
    $400 13
John Foster Dulles

Steve
    $400 23
Melina Mercouri

Steve
    $400 11
a mule skinner

Erin
    $400 4
Wallace Beery

Steve
    $400 18
the thyroid

Steve
    $400 26
red, white & blue

Erin
    $500 14
Dorothy Parker

Steve
    $500 24
(Steve: Who is John Peters?)

(Lee: Who is Burt Bacharach?)

Elliott Gould

SteveLee
Triple Stumper
    $500 30
silk

Lee
    $500 5
Robert De Niro

Steve
    $500 19
(Steve: What is the mesoderm?)

the dermis

Steve
Triple Stumper
    $500 27
the Royal Canadian Mounted Police

Erin

Scores at the first commercial break (after clue 12):

Steve Erin Lee
$1,700 $600 $700

Scores at the end of the Jeopardy! Round:

Steve Erin Lee
$2,800 $2,200 $1,400

Double Jeopardy! Round responses

THE CIVIL WAR
FOOD
ENGLISH LITERATURE
BEAUTY QUEENS
WORLD CITIES
OLD-TIME RADIO
    $200 1
slaves

Steve
    $200 11
minestrone

Lee
    $200 13
A Passage to India

Steve
    $200 22
Phyllis George

Steve
    $200 2
Naples

Lee
    $200 12
the Grand Ole Opry

Steve
    $1,500 3
(Lee: Who was Stonewall Jackson?)

Ulysses Grant

Lee
    $400 18
Keebler

Lee
    $1,200 14
(Steve: Who is Miss Jane Brodie, [*].)
(Alex: Yes, we'll accept that, you corrected yourself in time. It was [*], not Jane.)

Jean Brodie

Steve
    $400 23
Lee Meriwether

Triple Stumper
    $400 7
Cairo

Steve
    $400 27
(Steve: Who was Vivian Vance?)

Gale Gordon

Steve
Triple Stumper
    $600 4
the Monitor & the Merrimack

Lee
    $600 19
the banana

Lee
    $600 15
Alfred, Lord Tennyson

Steve
    $600 24
Donna Douglas

Steve
    $600 8
Buenos Aires

Erin
    $600 28
the Great Gildersleeve

Erin
    $800 5
sherman

Lee
    $800 20
(Lee: What is chocolate?)

cream

Lee
Triple Stumper
    $800 16
Jane Austen

Steve
    $800 25
Bess Myerson

Steve
    $800 9
Saskatoon

Erin
    $800 29
(Steve: Who was Edward R. Murrow?)

Ed Sullivan

Steve
Triple Stumper
    $1000 6
Phil Sheridan

Triple Stumper
    $1000 21
canapé

Triple Stumper
    $1000 17
the Floss

Erin
    $1000 26
Cloris Leachman

Steve
    $1000 10
Salzburg

Erin
    $1000 30
Kingfish (George Stevens)

Steve

Scores at the end of the Double Jeopardy! Round:

Steve Erin Lee
$8,800 $6,200 $1,900

[wagering suggestions for these scores]

Final Jeopardy! Round responses

U.S. PRESIDENTS
LeeWho was Madison?
$1,900
ErinWho is John
$6,100
SteveWho was John Q Adams
$3,601
Andrew Jackson

Final scores:

Steve Erin Lee
$5,199 $100 $0
2-day champion: $17,400 2nd place: Jean d'Eve watch + a Dessert of the Month membership 3rd place: a recliner + a Nintendo system featuring Jeopardy! & Wheel of Fortune games

Game dynamics:

Coryat scores:

Steve Erin Lee
$7,800 $6,200 $3,400
24 R
(including 2 DDs),
5 W
13 R,
0 W
13 R,
4 W
(including 1 DD)

Combined Coryat: $17,400

[game clues] [game scores] [suggest correction]

Game tape date: 1989-06-27
The J! Archive is created by fans, for fans. Scraping, republication, monetization, and malicious use prohibited; this site may use cookies and collect identifying information. See terms. The Jeopardy! game show and all elements thereof, including but not limited to copyright and trademark thereto, are the property of Jeopardy Productions, Inc. and are protected under law. This website is not affiliated with, sponsored by, or operated by Jeopardy Productions, Inc. Join the discussion at JBoard.tv.